000 00946cam a22003018a 4500
999 _c7248
_d7248
001 7248
003 BD - Jhcc
005 20180422083945.0
008 990222t19991993enk 000 1 eng d
020 _a0192100343
035 _aMITb10915173
035 _a(BD - Jhcc)7248
040 _aUKM
_cUKM
_dLDL
_dMYG
_dBD - Jhcc
041 _aeng
082 0 4 _a823.8
_221
_bDIC 1999
090 _aPR4560
_b.A1 1999b
100 1 _aDickens, Charles,
_d1812-1870.
245 1 0 _aGreat expectations /
_cCharles Dickens ; with an introduction by Eileen Green
260 _aOxford ;
_aNew York :
_bOxford University Press,
_c1999, c1993
300 _ax, 519 p. ;
_c17 cm.
490 1 _aOxford world's classics ;
_v10
651 0 _aEngland
_xSocial conditions
_y19th century
_vFiction.
700 1 _aGreen, Eileen
830 0 _aOxford world's classics (Oxford University Press) ;
_v10.
942 _2ddc
_cBK
949 _ah
_p39080015952812